000 01080nam a22003137a 4500
001 BR9402993
003 BR-BrBNA
005 20230928094033.0
007 ta
008 230509b bl.||||| |||| 00| 0 por d
040 _aBR-BrBNA
_bpor
_cBiblioteca Nacional de Agricultura
041 _a(Por)
072 _aF63
_b3290
_b3575
090 _ 3290 BR9402993
100 1 _aFiglioli, M.B.
110 1 _aEscola Superior de Agricultura Luiz de Queiroz, Piracicaba, SP (Brasil)
_0Tese (Mestre em Ciencias)
245 1 _aMaturacao de sementes de Inga uruguensis HooK. et Arn. associada a fenologia reprodutiva e a dispersao de sementes em florestas riparia do Rio Moji Guacu, Municipio de Moji Guacu - SP
260 3 _aPiracicaba, SP (Brasil):
_c1993.
300 _a150 p.
500 _a21 graphs; 10 tables; Summaries (Eng, Por); Bibliography p. 117-144 (173 ref.)
650 _aInga
650 _aSemente
650 _aFenologia
650 _aDispersao de Semente
650 _aMaturacao
650 _aSao Paulo
909 _a202309
_bLucia
_c55
_dLucia Elande
942 _cBK
999 _c48539
_d48539